Designing patterns : fresh approach to pattern citting

Bibliographic Details
Main Author: Campbell, Hilary
Format: Book
Published: England : Stanley Thornes , 1993
Subjects:

MARC

LEADER 00000cam a2200000 7i4500
001 0000002720
002 000002950
005 20000330.0
020 |a 0859504042 
090 0 0 |a 646.4304   |b CAM 
100 1 |a Campbell, Hilary 
245 1 0 |a Designing patterns :   |b fresh approach to pattern citting   |c Hilary Campbell 
260 |a England :   |b Stanley Thornes ,   |c 1993 
300 |a 120p. :   |b ill. ;   |c 30cm. 
650 0 0 |a Dressmaking   |x Pattern design 
999 |a 036291   |b BUKU   |c PINJAMAN   |e PERPUSTAKAAN KOMUNITI PETALING JAYA